Overpopulation: twentieth century nemesis ; a condensed, objective study of procreation--from the Amoeba to modern man /

Bibliographic Details
Main Author: Stuart, Alexander J., 1886-
Format: Book
Language:English
Published: New York : Exposition Press, [1958]
Edition:[1st ed.].
Series:An Exposition-University book
Subjects:

MARC

Tag First Indicator Second Indicator Subfields
LEADER 00000cam a2200000 4500
001 in00000060448
005 20151007082620.0
008 730606s1958 eng u
010 |a  58014933  
035 |a (OCoLC)00637800 
035 |9 AAF8149AM 
040 |c HEI  |d TXA  |d UtOrBLW 
049 |a TXAM  |c [308089] 
050 0 |a HB881  |b .S84 
082 0 |a 312.8 
092 |a 312.8  |b S929o 
100 1 |a Stuart, Alexander J.,  |d 1886- 
245 1 0 |a Overpopulation: twentieth century nemesis ;  |b a condensed, objective study of procreation--from the Amoeba to modern man /  |c [by] Alexander J. Stuart. 
250 |a [1st ed.]. 
264 1 |a New York :  |b Exposition Press,  |c [1958] 
300 |a 240 pages :  |b illustrations ;  |c 21 cm. 
336 |a text  |b txt  |2 rdacontent 
337 |a unmediated  |b n  |2 rdamedia 
338 |a volume  |b nc  |2 rdacarrier 
490 0 |a An Exposition-University book 
650 0 |a Population. 
650 0 |a Reproduction. 
650 0 |a Birth control. 
999 |a MARS 
999 f f |s 58ca70ce-3494-39b8-af0a-fa4e95906d07  |i 8e485732-a827-32fc-bee8-dae8e0f53552  |t 0 
952 f f |p ric  |a Texas A&M University  |b Rellis Campus  |c Joint Library Facility  |d Remote Storage  |t 0  |e HB881 .S84  |h Library of Congress classification  |i unmediated -- volume  |m A14800655690 
998 f f |a HB881 .S84  |t 0  |l Remote Storage